Fenomén Gemer ´15

Bibliographic Details
Main Author: Malacký, Rudolf, 1952- (Author)
Corporate Author: Fenomén Gemer Breznička, Slovensko
Other Authors: Kušík, Michal, 1915-2000 (Photographer)
Format: Conference Proceeding Book
Language:Slovak
English
PhysicalDescription:[44] s. fotogr. 15 x 21 cm
Published: [Závada] Občianske združenie kRaj 2016
ISBN:9788097237905
Edition:1. vyd.
Subjects:

MARC

LEADER 00000nam a2200000 a 4500
001 vtls011627791
003 SK-MaSNL
005 20260302085821.0
008 180123s2016 xo o g c 000 0dslo
015 |a SNBE2017 
020 |a 9788097237905  |q (špirálová väzba) 
040 |a SNK  |b slo  |c SNK  |e AACR2 
041 0 |a slo  |a eng 
043 |a e-xo--- 
044 |a xo  |c SK 
072 7 |a 73  |x Sochárstvo, keramika, porcelán, umelecké spracovanie kovov  |2 konspekt 
080 |a 7.091  |2 2001 
080 |a 738  |2 2001 
080 |a (437.642)  |2 2001 
080 |a (036)  |2 2001 
080 |a (083.82)  |2 2001 
111 2 |a Fenomén Gemer  |n (4. :  |d 2015 :  |c Breznička, Slovensko)  |9 756485 
245 1 0 |a Fenomén Gemer ´15  |c [autor libreta: Rudolf Malacký ; autor fotografií: Michal Kušík] 
250 |a 1. vyd. 
260 |a [Závada]  |b Občianske združenie kRaj  |c 2016 
300 |a [44] s.  |b fotogr.  |c 15 x 21 cm 
366 |e 350 výt. 
500 |a Názov z obalu 
500 |a Čiast. text angl. 
611 2 7 |a Fenomén Gemer  |n (4. :  |d 2015 :  |c Breznička, Slovensko)  |2 SNKKA  |9 756485 
650 0 7 |a umelecké sympóziá  |2 SNKPH  |9 323810 
650 0 7 |a umelecká keramika  |2 SNKPH  |9 3064 
650 0 7 |a Art symposiums  |2 SNKPHeng  |9 323811 
650 0 7 |a Art pottery  |2 SNKPHeng  |9 329679 
651 7 |a Breznička (Poltár, Slovensko)  |2 SNKPH  |9 114765 
651 7 |a Breznička (Poltár, Slovakia)  |2 SNKPHeng  |9 413353 
655 7 |a informačné publikácie  |2 SNKPH  |9 70181 
655 7 |a katalógy  |2 SNKPH  |9 60821 
655 7 |a Information publications  |2 SNKPHeng  |9 265188 
655 7 |a Catalogs  |2 SNKPHeng  |9 266059 
700 1 |a Malacký, Rudolf,  |d 1952-  |4 aut  |9 131891 
700 1 |a Kušík, Michal,  |d 1915-2000  |4 pht  |9 161028 
919 |a 978-80-972379-0-5 
999 |c 1193949  |d 1195879 
952 |a SNK  |b SNK  |y PREZ  |7 0  |p 17A1258012  |o snkOSE 5230  |i snk2017/10413  |8 0  |0 0  |1 0  |4 0  |d 2017-05-05  |l 0  |r 2026-02-24 22:21:15  |w 2026-02-24 
952 |a SNK  |b SNK  |y PREZ  |7 0  |p 17A1258013  |o snkOSE 5230 D1  |i snk2017/10414  |8 0  |0 0  |1 0  |4 0  |d 2017-05-05  |l 0  |r 2026-02-24 22:21:15  |w 2026-02-24